| 000 | 02499 a2200265 4500 | ||
|---|---|---|---|
| 003 | Nust | ||
| 005 | 20170207154054.0 | ||
| 010 | _a 2008051537 | ||
| 020 | _a0470381132 (cloth) | ||
| 020 | _a9780470381137 (cloth) | ||
| 035 | _a(OCoLC)ocn260206918 | ||
| 040 | _cNust | ||
| 082 | 0 | 0 | _a332.024 |
| 245 | 0 | 0 |
_aPrivate wealth (E-BOOK) _bwealth management in practice / _c[edited by] Stephen M. Horan. |
| 260 |
_aHoboken, N.J. : _bWiley, _cc2009. |
||
| 300 |
_aix, 564 p. : _bill. ; _c26 cm. |
||
| 490 | 1 | _aCFA Institute investment perspectives series | |
| 505 | 0 | _aThe future of retirement planning / Robert C. Merton -- Is personal finance a science? / Paul A. Samuelson -- Lifetime financial advice: human capital, asset allocation, and insurance / Roger G. Ibbotson ... [et al.] -- The theory of optimal life-cycle saving and investing / Zvi Bodie, Jonathan Treussard, and Paul Willen -- Is conventional financial planning good for your financial health? / Laurence J. Kotlikoff -- The life care annuity / Mark J. Warshawsky -- The longevity annuity: an annuity for everyone? / Jason S. Scott -- A sustainable spending rate without simulation / Moshe A. Milevsky and Chris Robinson -- Asset allocation without unobservable parameters / Michael Stutzer -- Investment management for taxable private investors / Jarrod Wilcox, CFA: Jeffrey E. Horvitz and Dan diBartolomeo -- Core/satellite strategies for the high-net-worth investor / Clifford H. Quisenberry -- The higher equity risk Premium created by taxation / Martin L. Leibowitz -- Tax deferral and tax-loss harvesting / Jeffrey E. Horvitz -- Tax management, loss harvesting, and HIFO accounting / Andrew L. Berkin and Jia Ye -- Investing with a tax-efficient eye / Robert N. Gordon -- Diversifying concentrated holdings / Scott D. Welch -- Hedging low-cost-basis stock / Robert N. Gordon -- Tax-advantaged savings accounts and tax-efficient wealth accumulation / Stephen M. Horan -- After-tax asset allocation / William Reichenstein -- Withdrawal location with progressive tax rates / Stephen M. Horan -- After-tax performance evaluation / James M. Poterba -- Taxable benchmarks: the complexity increases / Lee N. Price -- Explaining after-tax mutual fund performance / James D. Peterson ... [et al.]. | |
| 650 | 0 | _aFinance, Personal. | |
| 650 | 0 | _aInvestments. | |
| 650 | 0 |
_aRetirement income _xPlanning. |
|
| 651 | _aPrivate wealth (E-BOOK) | ||
| 700 | 1 | _aHoran, Stephen Michael. | |
| 830 | 0 | _aCFA Institute investment perspectives series. | |
| 942 |
_2ddc _cBK |
||
| 999 |
_c193243 _d193243 |
||